Contabilidad del costo de producción

Sábháilte in:
Sonraí bibleagrafaíochta
Príomhchruthaitheoir: López-Hidalgo, Orlando (autor)
Formáid: LEABHAR
Teanga:Spáinnis
Foilsithe / Cruthaithe: La Habana Carlos Zimmermann 1942
Ábhair:
Clibeanna: Cuir clib leis
Níl clibeanna ann, Bí ar an gcéad duine le clib a chur leis an taifead seo!

MARC

LEADER 00000nam a2200000 a 4500
001 UCQ0641
003 CL-VaPUC
008 980703e19420000CU |||||||||||||||||spa|d
082 0 4 |a 658.151  |b LOP  |2 21 
100 |a López-Hidalgo, Orlando  |e autor  |9 413879 
245 1 0 |a Contabilidad del costo de producción 
300 |a 472 p 
942 |c BK 
945 |d 19980703 00:00:00  |a cmena 
260 |a La Habana  |b Carlos Zimmermann  |c 1942 
650 0 |a Administración de empresas   |9 260833 
650 0 |a Contabilidad de costos   |9 260564 
650 0 |a Costos   |9 261063 
650 0 |a Estados de cuentas  |9 352305 
650 0 |a Administración financiera  |9 261146 
650 0 |a Control presupuestario  |9 345693 
650 0 |a Productividad   |9 335972 
583 |a last modification  |c 19980703 00:00:00  |k Rodrigo Vera 
999 |c 271679  |d 271677 
952 |0 0  |1 0  |4 0  |6 658_151000000000000_LOP_1942  |7 0  |8 A  |9 306411  |a BIBGIM  |b BIBGIM  |d 2019-11-20  |i 1428659  |o 658.151 LOP 1942  |p 1428659  |r 2025-01-15  |w 2019-11-20  |y BK  |k COM